Statistics for MLB Top 3 Hits Leaders for Each Team

Click here to take the quiz!

General Stats

  • This quiz has been taken 25 times
  • The average score is 49 of 90

Answer Stats

TeamHitsPlayer% Correct
Baltimore Orioles3,184Cal Ripken Jr.
100%
Los Angeles Angels1,624Mike Trout
96%
St. Louis Cardinals3,630Stan Musial
96%
Chicago Cubs2,510Billy Williams
91%
Houston Astros3,060Craig Biggio
91%
Seattle Mariners1,843Ken Griffey Jr.
91%
Cincinnati Reds3,358Pete Rose
91%
Pittsburgh Pirates3,000Roberto Clemente
91%
Boston Red Sox2,654Ted Williams
91%
Atlanta Braves2,726Chipper Jones
87%
New York Yankees3,465Derek Jeter
87%
Atlanta Braves3,600Hank Aaron
87%
Seattle Mariners2,542Ichiro Suzuki
87%
Arizona Diamondbacks1,337Luis Gonzalez
87%
San Diego Padres3,141Tony Gwynn
87%
New York Yankees2,518Babe Ruth
83%
Texas Rangers1,747Ivan Rodriguez
83%
Houston Astros2,314Jeff Bagwell
83%
Houston Astros2,047Jose Altuve
83%
New York Yankees2,721Lou Gehrig
83%
Milwaukee Brewers3,142Robin Yount
83%
Detroit Tigers3,900Ty Cobb
83%
San Francisco Giants3,187Willie Mays
83%
Detroit Tigers3,007Al Kaline
78%
Baltimore Orioles2,848Brooks Robinson
78%
Seattle Mariners2,247Edgar Martinez
78%
Kansas City Royals3,154George Brett
78%
Philadelphia Phillies2,234Mike Schmidt
78%
Boston Red Sox3,419Carl Yastrzemski
74%
Tampa Bay Rays1,471Evan Longoria
74%
Colorado Rockies1,361Larry Walker
74%
Milwaukee Brewers2,281Paul Molitor
74%
Milwaukee Brewers1,963Ryan Braun
74%
Colorado Rockies2,519Todd Helton
74%
Chicago Cubs2,583Ernie Banks
70%
Miami Marlins1,103Hanley Ramirez
70%
Minnesota Twins2,304Kirby Puckett
70%
Arizona Diamondbacks1,182Paul Goldschmidt
70%
Tampa Bay Rays1,480Carl Crawford
65%
Colorado Rockies1,590Charlie Blackmon
65%
Pittsburgh Pirates2,967Honus Wagner
65%
Chicago White Sox2,470Nellie Fox
65%
Oakland Athletics1,768Rickey Henderson
65%
Washington Nationals1,846Ryan Zimmerman
65%
Chicago Cubs3,012Cap Anson
61%
St. Louis Cardinals2,713Lou Brock
61%
Los Angeles Angels2,368Garret Anderson
57%
San Francisco Giants2,876Mel Ott
57%
Los Angeles Dodgers2,170Pee Wee Reese
57%
Cincinnati Reds2,340Barry Larkin
52%
Cleveland Indians2,047Nap Lajoie
52%
San Diego Padres1,134Dave Winfield
48%
New York Mets1,777David Wright
48%
Atlanta Braves2,201Eddie Mathews
48%
Los Angeles Angels1,674Tim Salmon
48%
Los Angeles Dodgers2,091Willie Davis
48%
Toronto Blue Jays1,413Carlos Delgado
43%
Philadelphia Phillies2,306Jimmy Rollins
43%
Texas Rangers2,230Michael Young
43%
Pittsburgh Pirates2,868Paul Waner
43%
Chicago White Sox2,292Paul Konerko
39%
New York Mets1,534Jose Reyes
35%
Chicago White Sox2,749Luke Appling
35%
Washington Nationals1,622Tim Raines
35%
Cleveland Indians1,965Tris Speaker
35%
Kansas City Royals2,006Frank White
30%
Boston Red Sox2,452Jim Rice
26%
Philadelphia Phillies2,217Richie Ashburn
26%
Minnesota Twins2,889Sam Rice
26%
St. Louis Cardinals2,168Yadier Molina
26%
Oakland Athletics1,882Bert Campaneris
22%
Texas Rangers1,743Elvis Andrus
22%
Miami Marlins1,005Jeff Conine
22%
Oakland Athletics1,827Al Simmons
17%
Tampa Bay Rays1,016Ben Zobrist
17%
Detroit Tigers2,839Charlie Gehringer
17%
Washington Nationals1,694Tim Wallach
17%
Toronto Blue Jays1,529Vernon Wells
17%
Kansas City Royals1,977Amos Otis
13%
Cincinnati Reds2,326Dave Concepcion
13%
Arizona Diamondbacks960David Peralta
13%
Baltimore Orioles2,295George Sisler
13%
Minnesota Twins2,291Joe Judge
13%
Miami Marlins1,273Luis Castillo
13%
Toronto Blue Jays1,583Tony Fernandez
13%
Los Angeles Dodgers2,804Zack Wheat
13%
San Francisco Giants2,193Bill Terry
4%
Cleveland Indians1,903Earl Averill
4%
New York Mets1,418Ed Kranepool
4%
San Diego Padres1,135Gary Templeton
0%

Score Distribution

Percentile by Number Answered

Percent of People with Each Score

Your Score History

You have not taken this quiz